Kafka – Vì một nền văn học thiểu số
Nội dung và biểu đạt. Một Oedipe quá phì đại. Văn học thiểu số là gì? Các thành phần của biểu đạt. Tính nội tại và ham muốn. Sự tăng sinh của các chuỗi. Những bộ kết nối. Những khối, những chuổi, những cường độ. Một kết chuỗi là gì?...
محفوظ في:
| المؤلف الرئيسي: | |
|---|---|
| مؤلفون آخرون: | , |
| التنسيق: | كتاب |
| اللغة: | Vietnamese |
| منشور في: |
H.
Tri thức
2015
|
| الطبعة: | Tái bản lần thứ nhất |
| الموضوعات: | |
| الوسوم: |
إضافة وسم
لا توجد وسوم, كن أول من يضع وسما على هذه التسجيلة!
|
| Thư viện lưu trữ: | Mạng thư viện Đại học Đà Nẵng |
|---|
| LEADER | 01628nam a2200373 4500 | ||
|---|---|---|---|
| 001 | 000024096 | ||
| 003 | 20575 | ||
| 005 | 20161011111051.0 | ||
| 008 | 161006s2015 viesd | ||
| 020 | |a 9786049087202 |c 60000đ | ||
| 041 | 0 | |a vie | |
| 082 | 1 | 4 | |a 833.8 |b DE-G |
| 100 | 1 | |a Deleuze, Gilles | |
| 245 | 1 | 0 | |a Kafka – Vì một nền văn học thiểu số |c Gilles Deleuze, Guattari Félix ; Nguyễn Thị Từ Huy dịch ; Bùi Văn Nam Sơn H.đ., giới thiệu |
| 250 | |a Tái bản lần thứ nhất | ||
| 260 | |a H. |b Tri thức |c 2015 | ||
| 300 | |a 242 tr. |c 21 cm. | ||
| 520 | 3 | |a Nội dung và biểu đạt. Một Oedipe quá phì đại. Văn học thiểu số là gì? Các thành phần của biểu đạt. Tính nội tại và ham muốn. Sự tăng sinh của các chuỗi. Những bộ kết nối. Những khối, những chuổi, những cường độ. Một kết chuỗi là gì? | |
| 600 | 1 | 4 | |a Kafka, Franz |d 1883-1924 |
| 650 | 0 | 4 | |a Văn học Đức |
| 653 | |a Văn học thiểu số | ||
| 653 | |a Văn học hiện đại | ||
| 700 | 1 | |a Nguyễn Thị Từ Huy |e dịch | |
| 700 | 1 | |a Bùi Văn Nam Sơn |e h.đ., giới thiệu | |
| OWN | |a LSP | ||
| AVA | |a UDN50 |b LSP |d 833.8 DE-G |e available |t Error 5001 Not defined in file expand_doc_bib_avail. |f 4 |g 0 |h N |i 0 |k 1 | ||
| 999 | |a From the UDN01 | ||
| AVA | |a UDN50 |b LSP |d 833.8 DE-G |e available |t Error 5001 Not defined in file expand_doc_bib_avail. |f 4 |g 0 |h N |i 0 |k 1 | ||
| TYP | |a Monograph | ||
| TYP | |a Printed language | ||
| 980 | |a Mạng thư viện Đại học Đà Nẵng | ||


